00706nam a2200229Ia 4500003000400000005001700004008004100021040000700062041000800069082001600077100003600093245003500129250000600164260004700170300001300217365001300230650002900243906003200272942001200304999001900316952014100335OSt20230503143240.0210423s2004 xx 000 0 und d cAL aeng a574.88 WATJ aWATSON (James D);others.997148 aMolecular biology of the gene. a5 aNew DelhibPearson Education Pvt Ltdc2004 axxix,732 b895cINR aMolecular Biology997149 abiology ; gene. ; Molecular 2ddccBK c163107d163107 001040708BTaSACPGbSACPGd2004-11-30eIntel Book Distributersg895.00l0o574.88 WATJpPG009602r2022-08-24 00:00:00w2021-04-26yBK